000 00781nam a22002175i 4500
001 176117
003 ES-MaACL
005 20240416195450.0
008 101217s1968 sp |||| | spa d
080 _a27-75
245 0 0 _aCatequesis
_b: educación de la fe /
_cLiégé ... [et al.] ; [traducción y revisión efectuada por Ernesto Baquer Coiduras].
260 _aMadrid :
_bMarova,
_cimp. 1968.
300 _a202 p. ;
_c21 cm.
490 1 _aBiblioteca de pensamiento catequético actual ;
_v3
650 0 4 _aCatequesis
_910853
700 1 _aLiégé, Pierre André.
_9144359
700 1 _aBaques Coiduras, Ernesto.
_9144360
830 0 _aBiblioteca de pensamiento catequético actual ;
_v3
_9189930
852 _aES-MaACL
_jE-13810
_xOlim P-1336
999 _c176117
_d176117